[Event "zonal 4"]
[Site "Lvov URS"]
[Date "1990.02.??"]
[Round "1"]
[White "Chernin, Alexander"]
[Black "Balashov, Yury"]
[Result "0-1"]
[WhiteElo "2600"]
[BlackElo "2535"]
[EventDate "1990.02.16"]
[PlyCount "88"]

1.d4 Nf6 2.c4 e6 3.Nc3 Bb4 4.e3 b6 5.Ne2 Bb7 6.a3 Be7 7.d5 O-O 8.Ng3 Bd6 
9.f4 exd5 10.cxd5 Re8 11.Be2 c6 12.e4 Bf8 13.d6 c5 14.e5 Bxg2 15.Rg1 Bb7 
16.Be3 Nc6 17.Qd2 Rc8 18.exf6 Qxf6 19.Nge4 Qh4+ 20.Bf2 Qd8 21.Ng5 Nd4 22.
Bxd4 cxd4 23.Qxd4 g6 24.f5 Bg7 25.Qd3 Rc5 26.fxg6 hxg6 27.Nxf7 Qh4+ 28.Rg3
Bxc3+ 29.bxc3 Be4 30.Qe3 Kxf7 31.O-O-O Bf5 32.Qf3 Qa4 33.Kd2 Qc2+ 34.Ke1 
Rce5 35.Rg2 Rxe2+ 36.Rxe2 Rxe2+ 37.Qxe2 Qxe2+ 38.Kxe2 Bg4+ 39.Kd2 Bxd1 40.
Kxd1 Ke6 41.Ke2 Kxd6 42.Kf3 Ke5 43.Kg4 Kf6 44.c4 g5 0-1

[Event "zonal 4"]
[Site "Lvov URS"]
[Date "1990.02.??"]
[Round "1"]
[White "Dvoirys, Semen"]
[Black "Bareev, Evgeny"]
[Result "0-1"]
[WhiteElo "2535"]
[BlackElo "2590"]
[EventDate "1990.02.16"]
[PlyCount "126"]

1.e4 e6 2.d4 d5 3.Nc3 Nf6 4.Bg5 dxe4 5.Nxe4 Be7 6.Bxf6 Bxf6 7.Nxf6+ Qxf6 
8.Nf3 O-O 9.Qd2 b6 10.O-O-O Bb7 11.Ne5 c5 12.Ng4 Qh4 13.Be2 cxd4 14.Qxd4 
Nc6 15.Qd7 Rab8 16.Bf3 Na5 17.Bxb7 Nxb7 18.h3 h5 19.g3 Qg5+ 20.Ne3 Nc5 21.
Qb5 h4 22.g4 Qf4 23.Rhf1 Rfd8 24.Qe2 Ne4 25.Kb1 Rxd1+ 26.Qxd1 Qf6 27.Qd3 
Ng5 28.f4 Rd8 29.Qe2 Ne4 30.Rd1 Rxd1+ 31.Qxd1 Qxf4 32.Qd8+ Kh7 33.Qxh4+ 
Qh6 34.Qxh6+ Kxh6 35.h4 g5 36.h5 Nd6 37.Kc1 f5 38.Kd2 fxg4 39.Nxg4+ Kxh5 
40.Ne5 g4 41.Ke3 Kh4 42.c4 g3 43.b4 Kh3 44.Kd3 g2 45.Nf3 Nf7 46.Kc3 Ne5 
47.Ng1+ Kh2 48.Ne2 g1=Q 49.Nxg1 Kxg1 50.a3 Kf2 51.Kd4 Nxc4 52.Kxc4 Kf3 53.
Kb5 e5 54.Ka6 e4 55.Kxa7 e3 56.a4 e2 57.Kxb6 e1=Q 58.b5 Ke4 59.a5 Kd5 60.
a6 Qe6+ 61.Kb7 Kc5 62.a7 Qb6+ 63.Ka8 Qc7 0-1

[Event "zonal 4"]
[Site "Lvov URS"]
[Date "1990.02.??"]
[Round "1"]
[White "Romanishin, Oleg"]
[Black "Tukmakov, Vladimir"]
[Result "1-0"]
[WhiteElo "2525"]
[BlackElo "2570"]
[EventDate "1990.02.16"]
[PlyCount "123"]

1.d4 f5 2.g3 e6 3.Bg2 d5 4.Bf4 Nf6 5.Nf3 Be7 6.O-O O-O 7.Nbd2 c6 8.c4 Nbd7
9.Rc1 Ne4 10.Ne5 Nxe5 11.Bxe5 Nxd2 12.Qxd2 Bd7 13.b4 dxc4 14.Rxc4 Qb6 15.
a4 a6 16.e4 fxe4 17.Bxe4 Bf6 18.Qc2 h6 19.Bd6 Rfd8 20.a5 Qa7 21.Bc7 Rf8 
22.Qd2 Rac8 23.Bd6 Rfd8 24.Bb1 Be8 25.Bc5 Qb8 26.Qd3 g6 27.Re1 Rd5 28.Qe3 
Kg7 29.Rcc1 Rcd8 30.Rcd1 Bf7 31.Ba2 R5d7 32.Bxe6 Bxe6 33.Qxe6 Rf7 34.d5 
cxd5 35.Rxd5 Rxd5 36.Qxd5 Qd8 37.Qe4 Qd7 38.Re3 h5 39.Rf3 Bb2 40.Rd3 Qf5 
41.Qxf5 Rxf5 42.Kg2 Rf7 43.f4 Rc7 44.Kf3 Bf6 45.Re3 Kf7 46.h3 Rd7 47.g4 
hxg4+ 48.hxg4 Rd1 49.Ke2 Rd5 50.Rh3 Bg7 51.Rd3 Ke6 52.Re3+ Kf6 53.Re4 Rd7 
54.Rd4 Rc7 55.Rd6+ Kf7 56.g5 Bb2 57.Kf3 Kg7 58.Kg4 Rf7 59.Rd5 Bc1 60.Bd6 
Kh7 61.Rd3 Kg7 62.Be5+ 1-0

[Event "zonal 4"]
[Site "Lvov URS"]
[Date "1990.02.??"]
[Round "1"]
[White "Eingorn, Viacheslav"]
[Black "Rozentalis, Eduardas"]
[Result "1/2-1/2"]
[WhiteElo "2570"]
[BlackElo "2520"]
[EventDate "1990.02.16"]
[PlyCount "72"]

1.d4 Nf6 2.Nf3 e6 3.c4 b6 4.a3 Bb7 5.Nc3 d5 6.cxd5 exd5 7.g3 Bd6 8.Bg2 O-O
9.O-O Nbd7 10.Nb5 Be7 11.Bf4 c6 12.Nc3 Re8 13.Qc2 Nf8 14.Rad1 Ng6 15.Bc1 
Bd6 16.Nd2 Rc8 17.e4 c5 18.dxc5 Bxc5 19.Nb3 d4 20.Be3 Ba6 21.Bxd4 Bxf1 22.
Bxc5 Nd7 23.Bxf1 bxc5 24.Ba6 c4 25.Nd2 Rc5 26.Nxc4 Qc7 27.Qa4 Ngf8 28.Bb5 
Re6 29.Nd5 Qb7 30.Bxd7 Nxd7 31.Nce3 Rc8 32.Qd4 Ne5 33.Kg2 Nc6 34.Qc3 Ne5 
35.Qd4 Nc6 36.Qc3 Ne5 1/2-1/2

[Event "zonal 4"]
[Site "Lvov URS"]
[Date "1990.02.??"]
[Round "1"]
[White "Vyzhmanavin, Alexei"]
[Black "Kharitonov, Andrei"]
[Result "1/2-1/2"]
[WhiteElo "2560"]
[BlackElo "2500"]
[EventDate "1990.02.16"]
[PlyCount "30"]

1.d4 Nf6 2.c4 e6 3.Nf3 d5 4.Nc3 Be7 5.Bg5 O-O 6.e3 h6 7.Bh4 b6 8.Rc1 Bb7 
9.cxd5 Nxd5 10.Nxd5 Bxd5 11.Bxe7 Qxe7 12.Be2 Rc8 13.O-O c5 14.dxc5 Rxc5 
15.Rxc5 Qxc5 1/2-1/2

[Event "zonal 4"]
[Site "Lvov URS"]
[Date "1990.02.??"]
[Round "1"]
[White "Minasian, Artashes"]
[Black "Lputian, Smbat"]
[Result "0-1"]
[WhiteElo "2480"]
[BlackElo "2545"]
[EventDate "1990.02.16"]
[PlyCount "146"]

1.e4 e6 2.d4 d5 3.Nc3 Bb4 4.e5 c5 5.a3 Ba5 6.b4 cxd4 7.Nb5 Bc7 8.f4 Nh6 9.
Nf3 Bd7 10.Nbxd4 Nc6 11.c3 Bb6 12.Bd3 Nxd4 13.cxd4 a6 14.a4 Nf5 15.Bb2 Ne3
16.Qe2 Nc4 17.O-O Rc8 18.Bc1 Qe7 19.a5 Ba7 20.Rb1 f5 21.exf6 gxf6 22.Kh1 
f5 23.Bd2 O-O 24.b5 axb5 25.Bb4 Qf6 26.Bxf8 Rxf8 27.Ne5 Be8 28.Bxc4 dxc4 
29.Qf3 Qg7 30.d5 exd5 31.Qxd5+ Kh8 32.Rf3 Qc7 33.Rg3 c3 34.Rc1 b4 35.Nd3 
Bc6 36.Qb3 Qxa5 37.Nxb4 Bd4 38.Rd1 Qc5 39.Nxc6 bxc6 40.Rgd3 Bf6 41.Rd7 Qf2
42.Qc4 c5 43.Rf1 Qe3 44.Rf7 Rxf7 45.Qxf7 Qe7 46.Qd5 Qe2 47.Rg1 c2 48.Qxf5 
Kg7 49.Qd7+ Kf8 50.Qc8+ Kg7 51.Qc7+ Be7 52.Qa7 Qe3 53.Qa1+ Bf6 54.Qc1 Qf2 
55.Qa3 c4 56.Rc1 Qd2 57.h3 Kf7 58.Qa7+ Be7 59.Qg1 Bd6 60.Qf1 Kf6 61.Ra1 
Qc3 62.Qc1 Qd4 63.Qf1 h5 64.Rc1 Qd2 65.Qg1 h4 66.Rf1 Kf5 67.Qa7 c1=Q 68.
Qf7+ Ke4 69.Qe6+ Kd3 70.Qxd6+ Ke2 71.Rxc1 Qxd6 72.f5 Qf4 73.Rc3 Kd2 0-1

[Event "zonal 4"]
[Site "Lvov URS"]
[Date "1990.02.??"]
[Round "2"]
[White "Balashov, Yury"]
[Black "Azmaiparashvili, Zurab"]
[Result "1/2-1/2"]
[WhiteElo "2535"]
[BlackElo "2610"]
[EventDate "1990.02.16"]
[PlyCount "109"]

1.e4 d6 2.d4 Nf6 3.Nc3 g6 4.Nf3 Bg7 5.Be2 O-O 6.O-O c6 7.e5 dxe5 8.Nxe5 
Nbd7 9.Bf4 Nxe5 10.Bxe5 Nd5 11.Nxd5 Bxe5 12.dxe5 Qxd5 13.Qxd5 cxd5 14.Rfd1
Be6 15.Rd4 Rac8 16.c3 Rc5 17.Rad1 b5 18.f4 Rb8 19.a3 a5 20.R1d2 Kg7 21.Kf2
f6 22.exf6+ Kxf6 23.g3 Bf7 24.Bd3 e6 25.Re2 Rc7 26.g4 h6 27.h4 Ra7 28.Kg3 
h5 29.g5+ Kg7 30.Kf3 Rb6 31.Ke3 Be8 32.Kd2 Kf7 33.Re3 Rc7 34.Be2 Kf8 35.
Bd1 Rc4 36.Red3 Ke7 37.Bb3 Rxd4 38.Rxd4 Kd6 39.Bc2 Rb8 40.Ke3 Rc8 41.Bd3 
Rc7 42.Be2 Kc5 43.Rd1 a4 44.Bd3 Ra7 45.Bc2 Bf7 46.Rd4 Be8 47.Bd3 Bf7 48.
Rb4 Be8 49.Kd2 Ra8 50.Rd4 Ra7 51.Bc2 Bf7 52.Rd3 Ra6 53.Re3 Rb6 54.Bd3 Ra6 
55.Re5 1/2-1/2

[Event "zonal 4"]
[Site "Lvov URS"]
[Date "1990.02.??"]
[Round "2"]
[White "Kharitonov, Andrei"]
[Black "Eingorn, Viacheslav"]
[Result "1/2-1/2"]
[WhiteElo "2500"]
[BlackElo "2570"]
[EventDate "1990.02.16"]
[PlyCount "20"]

1.d4 e6 2.c4 Bb4+ 3.Bd2 a5 4.Nc3 Nf6 5.e3 O-O 6.Bd3 d5 7.Nf3 b6 8.O-O Bb7 
9.Rc1 Nbd7 10.Qe2 Ne4 1/2-1/2

[Event "zonal 4"]
[Site "Lvov URS"]
[Date "1990.02.??"]
[Round "2"]
[White "Aseev, Konstantin"]
[Black "Giorgadze, Giorgi"]
[Result "1/2-1/2"]
[WhiteElo "2545"]
[BlackElo "2495"]
[EventDate "1990.02.16"]
[PlyCount "83"]

1.e4 e5 2.Nf3 Nc6 3.Bb5 a6 4.Ba4 Nf6 5.O-O Be7 6.Re1 b5 7.Bb3 O-O 8.c3 d6 
9.h3 Nb8 10.d4 Nbd7 11.Nbd2 Bb7 12.Bc2 Re8 13.a4 Bf8 14.Bd3 c6 15.b3 g6 
16.Qc2 Nh5 17.Bb2 Nf4 18.Bf1 Bg7 19.Rad1 Ne6 20.Qb1 Qc7 21.g3 bxa4 22.bxa4
d5 23.Bg2 Rad8 24.dxe5 Nxe5 25.Nxe5 Bxe5 26.exd5 cxd5 27.c4 Bxb2 28.Qxb2 
Rb8 29.Qf6 Qd8 30.Qxd8 Rexd8 31.cxd5 Bxd5 32.Ne4 Kg7 33.a5 Bc4 34.Rxd8 
Rxd8 35.Rc1 Rd4 36.Nc3 Nc5 37.Ne2 Bxe2 38.Rxc5 Bb5 39.Rc7 h6 40.h4 g5 41.
hxg5 hxg5 42.Rc5 1/2-1/2

[Event "zonal 4"]
[Site "Lvov URS"]
[Date "1990.02.??"]
[Round "2"]
[White "Kuzmin, Gennady"]
[Black "Minasian, Artashes"]
[Result "1/2-1/2"]
[WhiteElo "2495"]
[BlackElo "2480"]
[EventDate "1990.02.16"]
[PlyCount "79"]

1.e4 c5 2.Nf3 Nc6 3.Bb5 g6 4.O-O Bg7 5.c3 Nf6 6.d4 Nxe4 7.d5 Nd6 8.Ba4 Ne5
9.Nxe5 Bxe5 10.Re1 Bf6 11.Bf4 O-O 12.Nd2 Nf5 13.Ne4 d6 14.Nxf6+ exf6 15.g4
Ng7 16.Qe2 g5 17.Bg3 f5 18.gxf5 Nxf5 19.Bc2 Nxg3 20.hxg3 Bd7 21.Qh5 f5 22.
Re3 Qf6 23.Rae1 Qg6 24.Qf3 Rae8 25.Rxe8 Rxe8 26.Rxe8+ Qxe8 27.Bxf5 Qf7 28.
g4 Bxf5 29.gxf5 Qe7 30.Qe3 Qxe3 31.fxe3 Kg7 32.Kg2 Kf6 33.e4 c4 34.a4 b6 
35.Kf3 h5 36.Kg3 g4 37.Kf4 a6 38.Kg3 Kg5 39.Kf2 h4 40.Kg2 1/2-1/2

[Event "zonal 4"]
[Site "Lvov URS"]
[Date "1990.02.??"]
[Round "3"]
[White "Chernin, Alexander"]
[Black "Aseev, Konstantin"]
[Result "1/2-1/2"]
[WhiteElo "2600"]
[BlackElo "2545"]
[EventDate "1990.02.16"]
[PlyCount "56"]

1.d4 Nf6 2.c4 e6 3.Nf3 b6 4.g3 Ba6 5.b3 Bb4+ 6.Bd2 Be7 7.Bg2 d5 8.cxd5 
exd5 9.Nc3 O-O 10.O-O Bb7 11.Qc2 Na6 12.Rfd1 Qc8 13.Bg5 Rd8 14.Nh4 g6 15.
Bf3 c6 16.Ng2 Qd7 17.Nf4 Nc7 18.Bg2 Kg7 19.h4 h6 20.Bh3 Qe8 21.Bxf6+ Bxf6 
22.e3 Bc8 23.Bxc8 Raxc8 24.Rac1 Ne6 25.Ng2 Nc7 26.Nf4 Be7 27.Qe2 Bd6 28.
Qf3 Qe7 1/2-1/2

[Event "zonal 4"]
[Site "Lvov URS"]
[Date "1990.02.??"]
[Round "3"]
[White "Azmaiparashvili, Zurab"]
[Black "Shirov, Alexei"]
[Result "0-1"]
[WhiteElo "2610"]
[BlackElo "2500"]
[EventDate "1990.02.16"]
[PlyCount "74"]

1.c4 Nf6 2.Nc3 g6 3.g3 Bg7 4.Bg2 O-O 5.Nf3 d6 6.O-O a6 7.Rb1 c6 8.d3 b5 9.
e4 Nbd7 10.a3 bxc4 11.dxc4 Ng4 12.Qc2 Rb8 13.b4 Nge5 14.Na4 c5 15.b5 axb5 
16.cxb5 Qa5 17.Bd2 Qa7 18.Nc3 Nc4 19.a4 Na3 20.Qa2 Nxb1 21.Rxb1 Nb6 22.a5 
Be6 23.Nd5 Nxd5 24.exd5 Bf5 25.Rb3 c4 26.Rb4 Qc5 27.Qa4 c3 28.Be3 c2 29.
Bc1 Bc3 30.Rb3 Qxd5 31.Rxc3 Qd1+ 32.Bf1 Qxc1 33.Nd4 Bh3 34.Qc4 Rfc8 35.Nc6
Rxc6 36.bxc6 Qxf1+ 37.Qxf1 Rb1 0-1

[Event "zonal 4"]
[Site "Lvov URS"]
[Date "1990.02.??"]
[Round "3"]
[White "Dvoirys, Semen"]
[Black "Tukmakov, Vladimir"]
[Result "1-0"]
[WhiteElo "2535"]
[BlackElo "2570"]
[EventDate "1990.02.16"]
[PlyCount "71"]

1.e4 e5 2.Nf3 Nc6 3.Bb5 Nf6 4.O-O Nxe4 5.d4 Nd6 6.Bxc6 dxc6 7.dxe5 Nf5 8.
Qxd8+ Kxd8 9.Nc3 h6 10.Ne2 Bc5 11.b3 Be6 12.Nf4 Kc8 13.Nxe6 fxe6 14.Bb2 a5
15.a4 Rd8 16.Rfd1 Rd5 17.Kf1 Rb8 18.Ke2 b5 19.Rxd5 cxd5 20.g4 Ne7 21.Bd4 
Bxd4 22.Nxd4 bxa4 23.Rxa4 Kd7 24.Rxa5 Ng6 25.Ra6 Nf4+ 26.Ke3 g5 27.h4 Ng2+
28.Ke2 Nf4+ 29.Kf3 Rf8 30.Kg3 Re8 31.b4 Rf8 32.b5 Rb8 33.f3 Rc8 34.h5 Rb8 
35.Kf2 Rc8 36.Ke3 1-0

[Event "zonal 4"]
[Site "Lvov URS"]
[Date "1990.02.??"]
[Round "3"]
[White "Dokhoian, Yury"]
[Black "Rozentalis, Eduardas"]
[Result "1/2-1/2"]
[WhiteElo "2540"]
[BlackElo "2520"]
[EventDate "1990.02.16"]
[PlyCount "37"]

1.d4 Nf6 2.c4 e6 3.Nf3 Bb4+ 4.Bd2 Qe7 5.g3 Nc6 6.Nc3 d5 7.a3 Bxc3 8.Bxc3 
O-O 9.Bg2 Rd8 10.O-O a5 11.Qc2 Ne4 12.Rfd1 Bd7 13.e3 Be8 14.Be1 a4 15.Rac1
f6 16.Nd2 f5 17.f3 Nf6 18.Bf2 Bg6 19.Qc3 1/2-1/2

[Event "zonal 4"]
[Site "Lvov URS"]
[Date "1990.02.??"]
[Round "3"]
[White "Minasian, Artashes"]
[Black "Oll, Lembit"]
[Result "1-0"]
[WhiteElo "2480"]
[BlackElo "2570"]
[EventDate "1990.02.16"]
[PlyCount "57"]

1.e4 e6 2.d4 d5 3.Nc3 Bb4 4.e5 c5 5.a3 Bxc3+ 6.bxc3 Ne7 7.Qg4 O-O 8.Bd3 
Nd7 9.Nf3 f5 10.Qh3 Qa5 11.Bd2 Nb6 12.g4 Nc4 13.Rg1 cxd4 14.gxf5 Nxf5 15.
Bh6 Rf7 16.Bxg7 Rxg7 17.Rxg7+ Kxg7 18.Ke2 Qd8 19.Rg1+ Kh8 20.Ng5 Qg8 21.
Bxf5 exf5 22.Qh4 Be6 23.Nxh7 Qxg1 24.Ng5+ Kg8 25.Qh7+ Kf8 26.Qh6+ Ke8 27.
Qxe6+ Kd8 28.Qxd5+ Kc7 29.Ne6+ 1-0

[Event "zonal 4"]
[Site "Lvov URS"]
[Date "1990.02.??"]
[Round "3"]
[White "Romanishin, Oleg"]
[Black "Kharitonov, Andrei"]
[Result "1/2-1/2"]
[WhiteElo "2525"]
[BlackElo "2500"]
[EventDate "1990.02.16"]
[PlyCount "78"]

1.d4 d5 2.c4 e6 3.Nf3 Nf6 4.g3 Bb4+ 5.Bd2 Be7 6.Bg2 O-O 7.O-O c6 8.Qb3 
Nbd7 9.Rc1 Ne4 10.Bb4 Bxb4 11.Qxb4 Qb6 12.Qb3 Ndf6 13.Nc3 Rd8 14.e3 dxc4 
15.Qc2 Nd6 16.e4 Nd7 17.Rd1 Nf8 18.Qe2 Qa6 19.e5 Nf5 20.Ne4 b5 21.Qd2 Qb6 
22.g4 Nh6 23.h3 Bb7 24.Qe3 Qc7 25.Rac1 c5 26.Nxc5 Bd5 27.Ne4 Ng6 28.Nc3 
Bc6 29.d5 Bxd5 30.Nxb5 Qb7 31.Nc3 Bc6 32.Rd6 Nxe5 33.Rxc6 Nxc6 34.Ne5 Rac8
35.Ne2 Qa6 36.Nxc6 Rxc6 37.Bxc6 Qxc6 38.Qxa7 f5 39.Qa5 Ra8 1/2-1/2

[Event "zonal 4"]
[Site "Lvov URS"]
[Date "1990.02.??"]
[Round "4"]
[White "Tukmakov, Vladimir"]
[Black "Chernin, Alexander"]
[Result "1/2-1/2"]
[WhiteElo "2570"]
[BlackElo "2600"]
[EventDate "1990.02.16"]
[PlyCount "41"]

1.d4 Nf6 2.c4 e6 3.g3 Bb4+ 4.Bd2 Be7 5.Bg2 d5 6.Nf3 O-O 7.O-O c6 8.Qb3 
Nbd7 9.Bg5 b6 10.Rd1 Bb7 11.Nc3 a5 12.cxd5 cxd5 13.Rac1 Ne4 14.Bxe7 Qxe7 
15.Nd2 Ndf6 16.e3 Rfe8 17.Ne2 Ba6 18.Re1 Rec8 19.Rxc8+ Bxc8 20.Qc2 Nd6 21.
Bf1 1/2-1/2

[Event "zonal 4"]
[Site "Lvov URS"]
[Date "1990.02.??"]
[Round "4"]
[White "Rozentalis, Eduardas"]
[Black "Azmaiparashvili, Zurab"]
[Result "1/2-1/2"]
[WhiteElo "2520"]
[BlackElo "2610"]
[EventDate "1990.02.16"]
[PlyCount "66"]

1.e4 d6 2.d4 Nf6 3.Nc3 g6 4.Nf3 Bg7 5.Be2 O-O 6.O-O c6 7.Re1 Nbd7 8.e5 
dxe5 9.dxe5 Ng4 10.e6 fxe6 11.h3 Nge5 12.Nxe5 Nxe5 13.Qxd8 Rxd8 14.Bf4 Nf7
15.Rad1 Rxd1 16.Rxd1 Bxc3 17.bxc3 e5 18.Be3 Be6 19.a4 Nd6 20.a5 Ne4 21.Bg4
Bxg4 22.hxg4 b6 23.axb6 axb6 24.Bxb6 Nxc3 25.Rd7 Ra4 26.Bc5 Ne2+ 27.Kf1 
Nf4 28.Kg1 Nd5 29.Bxe7 Rxg4 30.Bd6 Re4 31.Kf1 Rd4 32.Rg7+ Kxg7 33.Bxe5+ 
Kh6 1/2-1/2

[Event "zonal 4"]
[Site "Lvov URS"]
[Date "1990.02.??"]
[Round "4"]
[White "Mikhalchishin, Adrian"]
[Black "Eingorn, Viacheslav"]
[Result "1/2-1/2"]
[WhiteElo "2485"]
[BlackElo "2570"]
[EventDate "1990.02.16"]
[PlyCount "27"]

1.d4 e6 2.c4 Bb4+ 3.Bd2 a5 4.e4 d6 5.Nf3 Nf6 6.Qc2 Nc6 7.Be2 O-O 8.O-O e5 
9.d5 Nb8 10.Nc3 Bg4 11.a3 Bc5 12.Rab1 c6 13.b4 axb4 14.axb4 1/2-1/2

[Event "zonal 4"]
[Site "Lvov URS"]
[Date "1990.02.??"]
[Round "4"]
[White "Akopian, Vladimir"]
[Black "Giorgadze, Giorgi"]
[Result "1-0"]
[WhiteElo "2550"]
[BlackElo "2495"]
[EventDate "1990.02.16"]
[PlyCount "81"]

1.d4 d5 2.Nf3 Nf6 3.c4 e6 4.Nc3 Be7 5.Bg5 h6 6.Bh4 O-O 7.e3 b6 8.Rc1 Bb7 
9.Bd3 Nbd7 10.cxd5 exd5 11.O-O c5 12.dxc5 bxc5 13.Qe2 Qb6 14.Rfd1 Qe6 15.
Qc2 Rfd8 16.Bf5 Qa6 17.Qa4 Nb6 18.Qxa6 Bxa6 19.Ne5 Rd6 20.Nd3 Rc6 21.e4 g5
22.exd5 Nfxd5 23.Nxd5 Nxd5 24.Bg3 Bb7 25.Bd7 Rb6 26.Nxc5 Bxc5 27.Rxc5 Rxb2
28.h4 Nf4 29.hxg5 Ne2+ 30.Kh2 Nxg3 31.Kxg3 Rxa2 32.gxh6 Kh7 33.Rg5 Be4 34.
Rg7+ Kxh6 35.Rxf7 Rg8+ 36.Bg4 Bxg2 37.Rf6+ Kg7 38.Re6 Ba8 39.Rd7+ Kf8 40.
Rd8+ Kf7 41.Rxg8 1-0

[Event "zonal 4"]
[Site "Lvov URS"]
[Date "1990.02.??"]
[Round "4"]
[White "Malaniuk, Vladimir"]
[Black "Dokhoian, Yury"]
[Result "1/2-1/2"]
[WhiteElo "2505"]
[BlackElo "2540"]
[EventDate "1990.02.16"]
[PlyCount "25"]

1.e4 e6 2.d4 d5 3.exd5 exd5 4.Bd3 Bd6 5.Ne2 Ne7 6.O-O O-O 7.Bf4 Bf5 8.Bxd6
Qxd6 9.Bxf5 Nxf5 10.c3 Nd7 11.Ng3 Nxg3 12.hxg3 Nf6 13.Nd2 1/2-1/2

[Event "zonal 4"]
[Site "Lvov URS"]
[Date "1990.02.??"]
[Round "5"]
[White "Dokhoian, Yury"]
[Black "Lerner, Konstantin"]
[Result "0-1"]
[WhiteElo "2540"]
[BlackElo "2560"]
[EventDate "1990.02.16"]
[PlyCount "106"]

1.d4 Nf6 2.c4 e6 3.Nf3 b6 4.Nc3 Bb4 5.Bg5 Bb7 6.e3 h6 7.Bh4 Bxc3+ 8.bxc3 
d6 9.Nd2 g5 10.Bg3 Qe7 11.a4 Nc6 12.Nb3 h5 13.f3 h4 14.Bf2 a5 15.Be2 O-O-O
16.Qb1 g4 17.e4 Rdg8 18.Qc2 h3 19.g3 gxf3 20.Bxf3 Ng4 21.O-O Qg5 22.Qd2 
Qg6 23.Qf4 e5 24.Qxg4+ Qxg4 25.Bxg4+ Rxg4 26.d5 Ne7 27.Nd2 f5 28.Be3 f4 
29.Bf2 Ba6 30.Kh1 Ng6 31.Rg1 Rf8 32.Rae1 Kb8 33.Rb1 fxg3 34.Bxg3 Nf4 35.
Rgf1 Rfg8 36.Bxf4 exf4 37.Rf3 Rg2 38.Rd1 Bc8 39.Rxf4 Bd7 40.Nf3 Bxa4 41.
Rf1 Rc2 42.Rh4 Rxc3 43.Rxh3 Bb3 44.Ng5 Rxh3 45.Nxh3 Bxc4 46.Ra1 Kb7 47.Nf2
Ka6 48.h3 b5 49.Kh2 b4 50.h4 Kb5 51.Rh1 a4 52.h5 a3 53.h6 Rh8 0-1

[Event "zonal 4"]
[Site "Lvov URS"]
[Date "1990.02.??"]
[Round "5"]
[White "Kharitonov, Andrei"]
[Black "Aseev, Konstantin"]
[Result "1/2-1/2"]
[WhiteElo "2500"]
[BlackElo "2545"]
[EventDate "1990.02.16"]
[PlyCount "52"]

1.c4 e5 2.Nc3 Nf6 3.Nf3 Nc6 4.g3 d5 5.cxd5 Nxd5 6.Bg2 Nb6 7.O-O Be7 8.a3 
O-O 9.b4 Be6 10.Rb1 f6 11.d3 Nd4 12.Be3 c5 13.Ne4 cxb4 14.axb4 Nxf3+ 15.
Bxf3 Nd5 16.Bd2 b6 17.Qa4 Qe8 18.b5 Qd7 19.Rfc1 Rf7 20.Rc6 Rd8 21.Rbc1 Bf8
22.Bh5 g6 23.Bf3 Kg7 24.R1c4 Qe8 25.Qa1 Bd7 26.Ng5 Bxc6 1/2-1/2

[Event "zonal 4"]
[Site "Lvov URS"]
[Date "1990.02.??"]
[Round "5"]
[White "Dvoirys, Semen"]
[Black "Mikhalchishin, Adrian"]
[Result "1/2-1/2"]
[WhiteElo "2535"]
[BlackElo "2485"]
[EventDate "1990.02.16"]
[PlyCount "49"]

1.e4 e5 2.Nf3 Nf6 3.Nxe5 d6 4.Nf3 Nxe4 5.d4 d5 6.Bd3 Nc6 7.O-O Be7 8.c4 
Nb4 9.Be2 O-O 10.Nc3 Be6 11.Be3 f5 12.a3 Nxc3 13.bxc3 Nc6 14.cxd5 Bxd5 15.
Bf4 Bd6 16.Bxd6 Qxd6 17.Nd2 Rad8 18.Bf3 h6 19.Qa4 Ne7 20.Rfe1 Bc6 21.Bxc6 
Qxc6 22.Qxc6 Nxc6 23.Nc4 g5 24.f3 Rfe8 25.Kf2 1/2-1/2

[Event "zonal 4"]
[Site "Lvov URS"]
[Date "1990.02.??"]
[Round "6"]
[White "Lputian, Smbat"]
[Black "Azmaiparashvili, Zurab"]
[Result "1/2-1/2"]
[WhiteElo "2545"]
[BlackElo "2610"]
[EventDate "1990.02.16"]
[PlyCount "60"]

1.d4 d6 2.Nf3 g6 3.c4 Bg7 4.Nc3 e5 5.e4 Bg4 6.d5 Nh6 7.h3 Bxf3 8.Qxf3 O-O 
9.g4 f5 10.gxf5 gxf5 11.Rg1 f4 12.b4 a5 13.bxa5 Rxa5 14.a4 Kh8 15.Ba3 Qe7 
16.Kd2 Nd7 17.Bd3 Raa8 18.Rgb1 b6 19.Bb4 Nf7 20.a5 bxa5 21.Rxa5 Rxa5 22.
Bxa5 Nc5 23.Bb4 Rg8 24.Bxc5 dxc5 25.Rg1 Bf8 26.Rxg8+ Kxg8 27.Nb5 Qh4 28.
Nxc7 Ng5 29.Qg2 Kf7 30.Ne6 Nxe6 1/2-1/2

[Event "zonal 4"]
[Site "Lvov URS"]
[Date "1990.02.??"]
[Round "6"]
[White "Chernin, Alexander"]
[Black "Dvoirys, Semen"]
[Result "1/2-1/2"]
[WhiteElo "2600"]
[BlackElo "2535"]
[EventDate "1990.02.16"]
[PlyCount "34"]

1.d4 Nf6 2.c4 g6 3.Nf3 Bg7 4.Nc3 d5 5.cxd5 Nxd5 6.e4 Nxc3 7.bxc3 c5 8.Rb1 
O-O 9.Be2 cxd4 10.cxd4 Qa5+ 11.Bd2 Qxa2 12.O-O b6 13.Qc1 Bb7 14.Bc4 Qa4 
15.Bb5 Qa2 16.Bc4 Qa4 17.Bb5 Qa2 1/2-1/2

[Event "zonal 4"]
[Site "Lvov URS"]
[Date "1990.02.??"]
[Round "6"]
[White "Bareev, Evgeny"]
[Black "Romanishin, Oleg"]
[Result "1-0"]
[WhiteElo "2590"]
[BlackElo "2525"]
[EventDate "1990.02.16"]
[PlyCount "81"]

1.d4 Nf6 2.c4 e6 3.Nc3 Bb4 4.Qc2 O-O 5.Bg5 c5 6.dxc5 Na6 7.e4 Bxc3+ 8.bxc3
e5 9.f3 Nxc5 10.Nh3 d6 11.Nf2 Be6 12.Nd1 Rc8 13.Ne3 h6 14.Bh4 Ncd7 15.Be2 
Qb6 16.Kf2 Nh5 17.Rhb1 Qc7 18.Qa4 Nf4 19.Bf1 a6 20.Qb4 b5 21.cxb5 axb5 22.
Rd1 Nc5 23.Kg1 Rb8 24.Rd2 Na4 25.Rc1 Qc5 26.Qxc5 dxc5 27.Be7 Rfe8 28.Bd6 
Red8 29.Rcc2 Rb7 30.Bxe5 Rxd2 31.Rxd2 Ng6 32.Bd6 Nxc3 33.Bxc5 Nxa2 34.Nd5 
Nc1 35.Rb2 Ne5 36.Bd4 Ned3 37.Rd2 Bxd5 38.exd5 Nf4 39.Be3 Ng6 40.Rb2 Rc7 
41.d6 1-0

[Event "zonal 4"]
[Site "Lvov URS"]
[Date "1990.02.??"]
[Round "6"]
[White "Mikhalchishin, Adrian"]
[Black "Minasian, Artashes"]
[Result "1-0"]
[WhiteElo "2485"]
[BlackElo "2480"]
[EventDate "1990.02.16"]
[PlyCount "74"]

1.Nf3 Nf6 2.c4 c5 3.Nc3 g6 4.d4 Bg7 5.g3 O-O 6.Bg2 cxd4 7.Nxd4 Nc6 8.O-O 
Nxd4 9.Qxd4 d6 10.Qd3 Qa5 11.Nb5 Ng4 12.Bd2 Qb6 13.Rab1 Ne5 14.Qc2 Bf5 15.
e4 Bg4 16.Be3 Qc6 17.b3 Nf3+ 18.Kh1 a6 19.Nc3 f5 20.Nd5 Rae8 21.h3 e6 22.
hxg4 fxg4 23.Nb4 Qc7 24.Nd3 Qf7 25.Bxf3 Qxf3+ 26.Kg1 Qxe4 27.Nb4 Qe5 28.
Rbd1 Qa5 29.Nd3 h5 30.Nf4 g5 31.Nxh5 Be5 32.Rfe1 b5 33.Bd4 bxc4 34.Qxc4 d5
35.Qc2 Bxd4 36.Rxd4 Rf5 37.Rf1 e5 1-0

[Event "zonal 4"]
[Site "Lvov URS"]
[Date "1990.02.??"]
[Round "7"]
[White "Dvoirys, Semen"]
[Black "Rozentalis, Eduardas"]
[Result "1/2-1/2"]
[WhiteElo "2535"]
[BlackElo "2520"]
[EventDate "1990.02.16"]
[PlyCount "116"]

1.e4 e5 2.Nf3 Nf6 3.Nxe5 d6 4.Nf3 Nxe4 5.d4 d5 6.Bd3 Bd6 7.O-O O-O 8.c4 c6
9.Nc3 Nxc3 10.bxc3 Bg4 11.cxd5 cxd5 12.Rb1 b6 13.Rb5 Bc7 14.h3 a6 15.Rxd5 
Qxd5 16.hxg4 Nc6 17.Ng5 h6 18.Ne4 Rad8 19.g5 Rfe8 20.Re1 Nxd4 21.cxd4 Qxd4
22.Qc2 Qxd3 23.Qxc7 Rc8 24.Qb7 Rxc1 25.Rxc1 Qxe4 26.Qxb6 Qf4 27.Rf1 Re6 
28.Qd8+ Kh7 29.Qd3+ Qe4 30.Qxe4+ Rxe4 31.gxh6 Kxh6 32.Rd1 Ra4 33.Rd2 Kg5 
34.Kf1 f5 35.g3 Ra3 36.Kg2 g6 37.Rc2 Kh5 38.Rd2 a5 39.Rc2 a4 40.Rd2 g5 41.
Rc2 Kg4 42.Rc4+ f4 43.gxf4 gxf4 44.Rc2 Kf5 45.Rb2 Rc3 46.Rb4 a3 47.Ra4 Kg4
48.Ra8 Kf5 49.Ra4 Ke5 50.Ra5+ Kd4 51.Ra4+ Kc5 52.Rxf4 Rc2 53.Ra4 Rxa2 54.
Kg3 Kb5 55.Ra8 Kb4 56.Rb8+ Kc3 57.Ra8 Ra1 58.f4 Kb3 1/2-1/2

[Event "zonal 4"]
[Site "Lvov URS"]
[Date "1990.02.??"]
[Round "7"]
[White "Malaniuk, Vladimir"]
[Black "Novikov, Igor"]
[Result "1/2-1/2"]
[WhiteElo "2505"]
[BlackElo "2550"]
[EventDate "1990.02.16"]
[PlyCount "25"]

1.d4 d5 2.c4 c6 3.cxd5 cxd5 4.Nc3 Nf6 5.Nf3 Nc6 6.Bf4 Bf5 7.e3 e6 8.Bd3 
Bxd3 9.Qxd3 Bd6 10.Bxd6 Qxd6 11.O-O O-O 12.Rfc1 Rfc8 13.Ne2 1/2-1/2

[Event "zonal 4"]
[Site "Lvov URS"]
[Date "1990.02.??"]
[Round "7"]
[White "Kharitonov, Andrei"]
[Black "Akopian, Vladimir"]
[Result "1/2-1/2"]
[WhiteElo "2500"]
[BlackElo "2550"]
[EventDate "1990.02.16"]
[PlyCount "89"]

1.e4 e6 2.d3 d5 3.Nd2 Nf6 4.Ngf3 Nc6 5.c3 b6 6.e5 Nd7 7.d4 Ncb8 8.Be2 c5 
9.O-O Ba6 10.Bxa6 Nxa6 11.Re1 b5 12.Nf1 Qb6 13.Ng3 Nc7 14.Nh5 a5 15.dxc5 
Qxc5 16.Be3 Qc4 17.b3 Qg4 18.Nf4 h6 19.a4 Bc5 20.h3 Qf5 21.g4 Qh7 22.axb5 
Nxb5 23.c4 Nc3 24.Qc1 Ne4 25.cxd5 O-O 26.dxe6 fxe6 27.Qc4 Rxf4 28.Bxf4 
Bxf2+ 29.Kg2 Bxe1 30.Qxe6+ Kh8 31.Rxe1 Ndc5 32.Qc6 Ra6 33.Qc8+ Qg8 34.
Qxg8+ Kxg8 35.Nd4 Kf7 36.e6+ Ke8 37.Kf3 Nd6 38.Bxd6 Rxd6 39.Nf5 Rd3+ 40.
Kf4 g6 41.Nxh6 Rxb3 42.Kg5 Rb6 43.Re5 Nxe6+ 44.Kxg6 a4 45.Ra5 1/2-1/2